Loading...
Tea for two and a piece of cake
| Main Author: | |
|---|---|
| Format: | Printed Book |
| Published: |
USA
Ebury Press
2012
|
| LEADER | 00457nam a2200133 4500 | ||
|---|---|---|---|
| 020 | |a 9788184002799 | ||
| 082 | |a IN823.9 |b PRE/T | ||
| 100 | |a Preeti Shenoy | ||
| 245 | |a Tea for two and a piece of cake | ||
| 260 | |a USA |b Ebury Press |c 2012 | ||
| 300 | |a xiii, 266p | ||
| 942 | |c BK | ||
| 999 | |c 45214 |d 45214 | ||
| 952 | |0 0 |1 0 |4 0 |6 IN_823_900000000000000_PRET |7 0 |8 Stack |9 49194 |a KUCL |b KUCL |c Stack |d 2018-04-13 |g 199.00 |l 11 |m 4 |o IN823.9 PRE/T |p 45741 |r 2019-11-27 |s 2019-09-25 |w 2018-04-13 |y BK | ||